000 01286nam0a2200361 4500
001 RU\NLR\BIBL_A\016211901
005 20230120144316.0
010 _a978-5-17-145746-4
_94000
021 _aRU
_bКН-П-22-072303
_9КН-П-22-6291
035 _a(NLR Aleph) 016211901
035 _a(RuMoRGB)011299538
090 _a12709918
_c12709918
100 _a20221118d2022 k y0rusy50 ca
101 1 _arus
_cger
102 _aRU
105 _ay z 000zy
181 0 _ai
_baxxe
182 0 _an
200 1 _aВведение в психоанализ
_fЗигмунд Фрейд
_gперевод с немецкого Г. Барышниковой
203 _aТекст
_bвизуальный
_cнепосредственный
210 _aМосква
_cАСТ
_d2022
215 _a542, [1] с.
_d21
225 1 _aЛучшая мировая классика
320 _aБиблиогр.: с. 533-541
333 _a16+
606 1 _aПсихоанализ
_yАвстрия
_92241882
_3RU\NLR\AUTH\661345210
686 1 _aЮ91(4А)6-736.1
686 1 _aЮ3(4А)6-674
700 1 _7ca
_8rus
_aФрейд
_bЗ.
_f1856-1939
_gЗигмунд
_9112631
_3RU\NLR\AUTH\772621
942 _cBOOK
980 _aNB